00654nam a2200193Ia 4500008004100000020001800041082001400059100001700073245006800090250000800158260004200166300002300208500001900231600003300250650001600283942000700299952013700306999001700443240925s9999 xx 000 0 und d a9789332550490 a511.6 MOT aMott, Joe L. 0aDiscrete Mathematics for Computer Scientists and Mathematicians a2nd aNew Delhi:bPearson Educationc,2015. a393p.b0fOriginal aIncludes Index aHumanities & Natural Science aMathematics cBK 001040708HUMaUITUbUITUd2017-05-22eBook World Internationalg635.00l0o511.6 MOTpQ11311r2024-09-25 07:16:01w2024-09-25yBK c13810d13810